000 00733cam a2200229 a 4500
001 11806852
005 20180202045432.0
008 991008s2000 nyua b 001 0 eng
010 _a 99052222
020 _a0393974057
040 _aDLC
_cDLC
_dDLC
041 _aeng
080 _a547
082 0 0 _a547 JON
_221
100 1 _a12
101 _aKIM
245 1 0 _aOrganic chemistry /
_cMaitland Jones, Jr.
504 _aIncludes bibliographical references and index.
906 _a7
_bcbc
_corignew
_d1
_eocip
_f19
_gy-gencatlg
942 _2ddc
_cBK
999 _c41621
_d41621